000 00584nam a2200241Ia 4500
008 210210b2016 xxu||||| |||| 00| 0 eng d
020 _a8188685046
041 _aeng
082 _a306.74 KUMP
100 _aKUMAR (Veerendra N)
245 _aProstitution in India
_bA sociological study in Mangalore
260 _aMangalore
_bMangala publications
_c2016
300 _aviii,264
650 _astudy
650 _asociological
650 _aProstitution
650 _aMangalore
650 _aIndia
650 _ain
650 _aA
690 _aCulture
906 _a070688
999 _c120077
_d120077